000 00916cam a2200265 4500
008 050110n2003 000 0 eng u
020 _a0470853557
035 _a(Sirsi) u128486
041 _aeng
050 _a658.404
_c18
100 _aChapman, Chris
245 _aProject risk management
_bprocesses, techniques and insights
250 _a2nd ed.
260 _aChichester
_bWiley
_c2003
300 _axviii, 389p.
_c26cm.
350 _a28.99
520 _aThe second edition of this text sets out the key issues and concepts involved in effective risk management, and provides a framework for integrating risk management into the management of all kinds and sizes of project.
650 _aCONSTRUCTION PROJECTS
650 _aPROJECT LIFE CYCLE
650 _aRISK MANAGEMENT
650 _aRISK MANAGEMENT PROCESS
690 _aProject management
_96261
700 _aWard, Stephen
942 _n0
999 _c103928
_d103928